| 000 | 00815nam a2200217 a 4500 | ||
|---|---|---|---|
| 001 | 59089 | ||
| 003 | BD-RjUL | ||
| 005 | 20211209080707.0 | ||
| 008 | 161221s1975 ii ||||| |||| 00| 0 ben d | ||
| 035 | _a(BD-RjUL)59213 | ||
| 040 |
_aBD-RjUL _bben _cBD-RjUL |
||
| 041 | _aben | ||
| 082 |
_223 _a321.07 _bDEG 1975 |
||
| 100 |
_aদে, সুধাকান্ত _9175731 |
||
| 245 | 1 | 0 |
_aগণরাজ্য : _b Plato;s ''Republic'' (politei) গ্রন্থের অনুবাদ / _cসুধাকান্ত দে |
| 260 |
_aকলিকাতা : _bপশ্চিমবঙ্গ রাজ্য পুস্তক পর্ষদ, _c১৯৭৫ |
||
| 300 |
_a৩৯৬ পৃ. ; _c২৩ সেমি. |
||
| 600 |
_cগণরাজ্য _9175732 |
||
| 650 |
_aRepublic _9175733 |
||
| 942 |
_2ddc _cBK |
||
| 999 |
_c59089 _d59089 |
||